| 000 | 01145nam a2200229Ii 4500 | ||
|---|---|---|---|
| 003 | JO-AjNU | ||
| 005 | 20240630093808.0 | ||
| 008 | 230605s9999||||xx |||||||||||||| ||und|| | ||
| 040 |
_aJO-AjNU _bara _erda _cJO-AjNU |
||
| 041 | _aara | ||
| 050 | 1 | 4 | _aKMM387.5.2008 |
| 100 | 3 |
_aإعداد عصام تركي أمين طرادات؛ إشراف محمد يوسف الزعبي, _eauthor _946710 |
|
| 245 | 0 | 0 |
_aالأساس القانوني لرجوع المؤمن على الغير المتسبب بالضرر في التأمين من المسؤولية المدنية الناجمة عن حوادث المركبات _c/ اعداد عصام تركي امين طرادات ؛ اشراف محمد يوسف الزعبي |
| 264 | 3 | 1 | _a2008 |
| 300 | _a118 ورقة | ||
| 336 |
_atext _btxt _2rdacontent |
||
| 337 |
_aunmediated _bn _2rdamedia |
||
| 338 |
_avolume _bnc _2rdacarrier |
||
| 500 | _aرسالة جامعية (ماجستير في القانون الخاص )--جامعة عمان العربية ، كلية الدراسات القانونية العليا ، 2008 | ||
| 650 | 4 |
_aحوادث السير -- قانون _946711 |
|
| 942 |
_2lcc _cTHS |
||
| 999 |
_c23909 _d23909 |
||